| 000 | 01082nam a22001697a 4500 | ||
|---|---|---|---|
| 999 |
_c8725 _d8725 |
||
| 003 | OSt | ||
| 008 | 200708b ||||| |||| 00| 0 eng d | ||
| 020 | _a9789381177020 | ||
| 100 | _a Nanjwade, Basavaraj K. & Kishore. V. S. | ||
| 245 | _aNovel Drug Delivery Systems and Regulatory Affairs | ||
| 250 | _aReprint 2019 | ||
| 260 |
_aNew Delhi _bCBS Publishers & Distributors Pvt. Ltd. |
||
| 300 | _aPg. 299, Dimensions: 23.2 x 18.4 x 4.3 cm | ||
| 500 | _aAbout the Book: Novel Drug Delivery System & Regulatory Affairs The book is targeted to the undergraduate and postgraduate Students. The purpose of this text book is to introduce pharmacy students to the basic systems of pharmaceutical principles and technologies applied in preparation of various Novel Drug Delivery Systems and introduction to the regulatory agencies and Current Good Manufacturing Practices (CGMP). The subject matter is covered in accordance with the prescribed syllabus for this course. | ||
| 650 | _aPharmaceutics- Drug Delivery Systems, Pharmaceutical Engineering Regulatory Science | ||
| 942 |
_2ddc _cBK _01 |
||